000 00326 a2200145 4500
001 177260
020 _a
040 _cMagnum
100 _aKneller, George F.
240 1 0 _aArte e ciencia da criatividade
_lpor
245 1 0 _aArte e ciencia da criatividade
362 0 _a1899
697 _aMAGNITO: PEDAGOGIA
942 _cBK
999 _c177260
_d177260